ESSENTIALS OF GERIATRIC NEUROANESTHESIA (Record no. 31122)

MARC details
000 -LEADER
fixed length control field 00419nam a22001697a 4500
003 - CONTROL NUMBER IDENTIFIER
control field SGT
020 ## - INTERNATIONAL STANDARD BOOK NUMBER
International Standard Book Number 9781032519050
082 ## - DEWEY DECIMAL CLASSIFICATION NUMBER
Classification number 616.024
Item number E19P
100 ## - MAIN ENTRY--PERSONAL NAME
Personal name PRABHAKAR, HEMANSHU
245 ## - TITLE STATEMENT
Title ESSENTIALS OF GERIATRIC NEUROANESTHESIA
250 ## - EDITION STATEMENT
Edition statement 1ST
260 ## - PUBLICATION, DISTRIBUTION, ETC. (IMPRINT)
Place of publication, distribution, etc INDIA
Name of publisher, distributor, etc CRC PRESS
Year of Publication 2019
300 ## - PAGE DESCRIPTION
No. of Pages 316
650 ## - SUBJECT ADDED ENTRY--TOPICAL TERM
Topical term or geographic name as entry element GENERAL MEDICINE , ANESTHESIOLOGY
653 ## - KEYWORDS--INDEX TERM
Keyword term GERIATRIC NEUROANESTHESIA
942 ## - ADDED ENTRY ELEMENTS (KOHA)
Source of classification or shelving scheme Dewey Decimal Classification
Koha item type Books
Holdings
Withdrawn status Lost status Source of classification or shelving scheme Damaged status Not for loan Collection code Home library Current library Shelving location Date acquired Vendor Name Cost, normal purchase price SGTU Bill Number Total Checkouts Full call number Accession No. (Barcode) Date last seen Bill Date Koha item type
    Dewey Decimal Classification   Not For Loan MEDICAL SGT Medical Library SGT Medical Library Reference Book 24/03/2025 ABC DELHI 3995.00 SGTU 20805   616.024 E19P FM15363 15/05/2025 24/03/2025 Books